00702 2200265 4500001002100000005001700021008004100038020002200079035002400101082000800125090001800133100001700151245008500168250001000253260003100263300002700294650002400321700002200345700000900367850000900376985000600385999001500391999001500406999001500421YOGYA-0209000007375320090227093740.0 ind  a978-979-1133-78-4 0010-020900000073753 a664 a664bKho MlT aKHOMSAN, Ali aMenu sehat & lezat golongan darah BcAli Khomsan, Yuni Harlina Wati;editor, Koeh aCet.2 aJakartabPuspa Swarac2007 avi,81 hlmbilusc23 cm aMakanan, Pengobatan aHerlinawati, Yuni aKoeh aBPAD a3 a08B0044719 a08B0044720 a08B0044721